Municipios de Ávila - Estadísticas

Estadísticas generales
  • Esta prueba ha sido intentada 20 veces
  • La puntuación promedio es 21 de 248
Estadísticas de respuestas
Municipio % Correcto
Ávila
73%
Arenas de San Pedro
53%
Arévalo
40%
Burgohondo
40%
El Tiemblo
40%
Candeleda
33%
Guisando
33%
La Adrada
33%
La Colilla
33%
Cebreros
27%
El Arenal
27%
El Barco de Ávila
27%
Hoyocasero
27%
Mombeltrán
27%
Muñogalindo
27%
Navalmoral
27%
Navaluenga
27%
Navarredondilla
27%
Piedrahíta
27%
Sanchidrián
27%
Casavieja
20%
Cepeda la Mora
20%
Fontiveros
20%
Hoyos del Espino
20%
Las Navas del Marqués
20%
Maello
20%
Martiherrero
20%
Navalacruz
20%
Navalonguilla
20%
Navalosa
20%
Navaquesera
20%
Navarredonda de Gredos
20%
Navarrevisca
20%
Navatalgordo
20%
Piedralaves
20%
San Juan del Molinillo
20%
San Pedro del Arroyo
20%
Vita
20%
Becedas
13%
Bohoyo
13%
Cantiveros
13%
Crespos
13%
El Bohodón
13%
El Hornillo
13%
El Hoyo de Pinares
13%
Flores de Ávila
13%
Gimialcón
13%
La Aldehuela
13%
La Carrera
13%
La Horcajada
13%
Las Berlanas
13%
Madrigal de las Altas Torres
13%
Mingorría
13%
Muñana
13%
Muñico
13%
Muñosancho
13%
Narros del Castillo
13%
Nava de Arévalo
13%
Navatejares
13%
Peguerinos
13%
Poyales del Hoyo
13%
Pradosegar
13%
Puerto Castilla
13%
San Bartolomé de Pinares
13%
San Juan de la Encinilla
13%
San Lorenzo de Tormes
13%
San Martín del Pimpollar
13%
Santa Cruz del Valle
13%
Santa María del Cubillo
13%
Santa María de los Caballeros
13%
Santo Tomé de Zabarcos
13%
Solana de Ávila
13%
Sotillo de la Adrada
13%
Tiñosillos
13%
Tornadizos de Ávila
13%
Umbrías
13%
Villanueva de Ávila
13%
Villarejo del Valle
13%
Villatoro
13%
Albornos
7%
Arevalillo
7%
Aveinte
7%
Becedillas
7%
Blascomillán
7%
Blasconuño de Matacabras
7%
Bonilla de la Sierra
7%
Cabezas de Alambre
7%
Cabezas del Pozo
7%
Cabezas del Villar
7%
Cabizuela
7%
Cardeñosa
7%
Casas del Puerto
7%
Casasola
7%
Chamartín
7%
Cillán
7%
Cuevas del Valle
7%
El Fresno
7%
El Oso
7%
El Parral
7%
Gallegos de Altamiros
7%
Gallegos de Sobrinos
7%
Gavilanes
7%
Gotarrendura
7%
Grandes y San Martín
7%
Gutierre-Muñoz
7%
Hernansancho
7%
Herradón de Pinares
7%
Hoyos de Miguel Muñoz
7%
Hurtumpascual
7%
La Hija de Dios
7%
Lanzahíta
7%
Los Llanos de Tormes
7%
Mamblas
7%
Mancera de Arriba
7%
Manjabálago y Ortigosa de Rioalmar
7%
Marlín
7%
Martínez
7%
Mengamuñoz
7%
Mijares
7%
Mirueña de los Infanzones
7%
Muñogrande
7%
Muñomer del Peco
7%
Muñopepe
7%
Muñotello
7%
Narros de Saldueña
7%
Nava del Barco
7%
Navadijos
7%
Navaescurial
7%
Orbita
7%
Padiernos
7%
Pajares de Adaja
7%
Papatrigo
7%
Pascualcobo
7%
Pedro Bernardo
7%
Poveda
7%
Riocabado
7%
Salvadiós
7%
San Esteban de los Patos
7%
San Esteban del Valle
7%
San García de Ingelmos
7%
San Juan de Gredos
7%
San Juan de la Nava
7%
San Juan del Olmo
7%
San Martín de la Vega del Alberche
7%
Santa Cruz de Pinares
7%
Santa María del Tiétar
7%
San Vicente de Arévalo
7%
Sigeres
7%
Solana de Rioalmar
7%
Solosancho
7%
Sotalbo
7%
Tormellas
7%
Valdecasa
7%
Villanueva de Gómez
7%
Villanueva del Campillo
7%
Zapardiel de la Ribera
7%
Adenero
0%
Aldeanueva de Santa Cruz
0%
Aldeaseca
0%
Amavida
0%
Avellaneda
0%
Barromán
0%
Bercial de Zapardiel
0%
Bernuy-Zapardiel
0%
Berrocalejo de Aragona
0%
Blascosancho
0%
Brabos
0%
Bularros
0%
Canales
0%
Casillas
0%
Castellanos de Zapardiel
0%
Cisla
0%
Collado de Contreras
0%
Collado del Mirón
0%
Constanzana
0%
Diego del Carpio
0%
Donjimeno
0%
Donvidas
0%
El Barranco
0%
El Losar del Barco
0%
El Mirón
0%
Espinosa de los Caballeros
0%
Fresnedilla
0%
Fuente el Saúz
0%
Fuentes de Año
0%
Garganta del Villar
0%
Gemuño
0%
Gilbuena
0%
Gil García
0%
Herreros de Suso
0%
Higuera de las Dueñas
0%
Horcajo de las Torres
0%
Hoyorredondo
0%
Hoyos del Collado
0%
Junciana
0%
Langa
0%
La Serrada
0%
La Torre
0%
Malpartida de Corneja
0%
Mediana de Voltoya
0%
Medinilla
0%
Mesegar de Corneja
0%
Mironcillo
0%
Monsalupe
0%
Moraleja de Matacabras
0%
Narrillos del Álamo
0%
Narrillos del Rebollar
0%
Narros del Puerto
0%
Navacepedilla de Corneja
0%
Navahondilla
0%
Navalperal de Pinares
0%
Navalperal de Tormes
0%
Neila de San Miguel
0%
Niharra
0%
Ojos-Albos
0%
Palacios de Goda
0%
Pedro-Rodríguez
0%
Peñalba de Ávila
0%
Pozanco
0%
Rasueros
0%
Riofrío
0%
Rivilla de Barajas
0%
Salobral
0%
San Bartolomé de Béjar
0%
San Bartolomé de Corneja
0%
Sanchorreja
0%
San Esteban de Zapardiel
0%
San Miguel de Corneja
0%
San Miguel de Serrezuela
0%
San Pascual
0%
Santa María del Arroyo
0%
Santa María del Berrocal
0%
Santiago del Collado
0%
Santiago de Tormes
0%
Santo Domingo de las Posadas
0%
Serranilla
0%
Sinlabajos
0%
Toñalbos
0%
Tórtoles
0%
Vadillo de la Sierra
0%
Vega de Santa María
0%
Velayos
0%
Villaflor
0%
Villafranca de la Sierra
0%
Villanueva del Aceral
0%
Villar de Corneja
0%
Viñegra de Moraña
0%
Zapardiel de la Cañada
0%
No se encontraron pruebas coincidentes
Distribución de puntuación
Porcentaje de gente con cada puntuación
Porcentaje por número respondido
Historial de tus puntuaciones
No has intentado esta prueba.